Obce okresu Mělník - Statistics

General Stats
  • This quiz has been taken 19 times
  • The average score is 18 of 68
Answer Stats
Počet obyvatel Odpověď % Correct
20 278 Mělník
100%
16 360 Neratovice
100%
19 005 Kralupy nad Vltavou
92%
1 078 Liběchov
69%
1 415 Mšeno
69%
399 Kokořín
62%
4 462 Kostelec nad Labem
54%
2 311 Veltrusy
54%
2 506 Všetaty
54%
518 Želízy
54%
1 448 Byšice
46%
1 520 Lužec nad Vltavou
46%
1 016 Mělnické Vtelno
46%
917 Vysoká
46%
939 Hořín
38%
108 Kanina
38%
1 770 Kly
38%
414 Nebužely
38%
1 200 Velký Borek
38%
307 Hostín
31%
332 Lhotka
31%
2 442 Libiš
31%
497 Liblice
31%
1 138 Malý Újezd
31%
1 034 Nová Ves
31%
491 Střemy
31%
2 574 Tišice
31%
155 Tupadly
31%
128 Vidim
31%
701 Čečelice
23%
1 573 Dolní Beřkovice
23%
104 Dolní Zimoř
23%
1 220 Horní Počaply
23%
1 027 Kojetice
23%
1 718 Obříství
23%
445 Zálezlice
23%
556 Chorušice
15%
1 296 Cítov
15%
169 Dobřeň
15%
149 Kadlín
15%
154 Medonosy
15%
584 Spomyšl
15%
211 Stránka
15%
1 144 Úžice
15%
998 Vraňany
15%
585 Býkev
8%
585 Chvatěruby
8%
504 Dřínov
8%
500 Kozomín
8%
168 Lobeč
8%
516 Ovčáry
8%
2 007 Postřižín
8%
855 Tuhaň
8%
139 Újezdec
8%
608 Zlončice
8%
743 Čakovičky
0%
490 Chlumín
0%
938 Dolany nad Vltavou
0%
334 Hostín u Vojkovic
0%
272 Jeviněves
0%
702 Ledčice
0%
374 Nedomice
0%
179 Nosálov
0%
579 Olovnice
0%
719 Řepín
0%
1 039 Vojkovice
0%
434 Všestudy
0%
489 Zlosyň
0%
No matching quizzes found
Score Distribution
Percent of People with Each Score
Percentile by Number Answered
Your Score History
You have not taken this quiz